[Event "TUR-ch U17"]
[Site "Belek Antalya"]
[Date "2024.01.25"]
[Round "7"]
[White "Gursu, Sungur"]
[Black "Sezis, Doruk"]
[Result "0-1"]
[WhiteElo "1783"]
[BlackElo "2001"]
[PlyCount "102"]
[EventDate "2024.01.21"]
[EventType "swiss"]
[EventRounds "9"]
[EventCountry "TUR"]
[SourceTitle "EXT 2025"]
[Source "ChessBase"]
[SourceDate "2024.10.14"]
[SourceVersion "1"]
[SourceVersionDate "2024.10.14"]
[SourceQuality "1"]

1. d4 Nf6 2. Bf4 d5 3. e3 c5 4. Nf3 Nc6 5. c3 Qb6 6. Qb3 c4 7. Qc2 Bf5 8. Qc1 e6 9. h4 Be7 10. Nbd2 0-0 11. Be2 h6 12. Ne5 Nxe5 13. Bxe5 Rfc8 14. Bxf6 Bxf6 15. g4 Bh7 16. f4 Be7 17. g5 f6 18. Nf3 Be4 19. Rg1 hxg5 20. hxg5 Kf7 21. Nd2 Bg6 22. gxf6 gxf6 23. e4 Rh8 24. f5 exf5 25. exd5 Qd6 26. Qc2 b5 27. 0-0-0 Rag8 28. Bf3 Rh2 29. Rde1 Bf8 30. Rxg6 Rxg6 31. Qxf5 Bh6 32. Re2 Rxe2 33. Bxe2 Kg7 34. Kc2 Qf4 35. Qxf4 Bxf4 36. Bf3 Rg3 37. Be2 Rg2 38. Kd1 Bxd2 39. Kxd2 Kf7 40. b3 cxb3 41. axb3 a5 42. Ke3 a4 43. Bh5+ Ke7 44. bxa4 bxa4 45. d6+ Kxd6 46. Bf7 a3 47. c4 a2 48. c5+ Kc7 49. Bxa2 Rxa2 50. Ke4 Kc6 51. Kf5 Rd2 0-1

[Event "TUR Cup"]
[Site "Denizli"]
[Date "2023.07.21"]
[Round "8"]
[White "Ozturk, Yavuz"]
[Black "Gursu, Sungur"]
[Result "0-1"]
[WhiteElo "1684"]
[BlackElo "1517"]
[PlyCount "168"]
[EventDate "2023.07.16"]
[EventType "team-tourn"]
[EventRounds "9"]
[EventCountry "TUR"]
[SourceTitle "CBM 215 Extra"]
[Source "ChessBase"]
[SourceDate "2023.09.30"]
[SourceVersion "1"]
[SourceVersionDate "2023.09.30"]
[SourceQuality "1"]

1. e4 Nf6 2. e5 Nd5 3. d4 d6 4. Nf3 g6 5. h3 Bg7 6. Bc4 Nb6 7. Bb5+ Bd7 8. Bd3 Nc6 9. exd6 cxd6 10. c3 e5 11. dxe5 dxe5 12. 0-0 0-0 13. Re1 f5 14. Bf1 e4 15. Nd4 Nxd4 16. cxd4 Ba4 17. Qe2 Bc6 18. Nc3 Bxd4 19. Nb5 Bg7 20. Be3 f4 21. Bc5 Rf5 22. Rac1 Qg5 23. Nc7 Be5 24. Nxa8 Nxa8 25. Qc4+ Kg7 26. Bd4 e3 27. Bxe5+ Rxe5 28. fxe3 f3 29. Qg4 Qf6 30. Kh2 fxg2 31. Bxg2 Rg5 32. Rxc6 bxc6 33. Qd4 Nb6 34. Qxf6+ Kxf6 35. Bxc6 Rc5 36. Bf3 Ke5 37. Kg3 Nc8 38. Re2 Nd6 39. b4 Rc3 40. Kf2 Nf5 41. Bg4 Nd6 42. Bf3 Nc4 43. Rd2 Nb2 44. Re2 Nd3+ 45. Kg3 Ra3 46. Rc2 Nxb4 47. Rc7 Nxa2 48. Rxh7 a5 49. Re7+ Kf6 50. Ra7 Nc3 51. Ra6+ Kf7 52. Ra7+ Kf6 53. Ra6+ Kg7 54. Kf4 Ra1 55. e4 a4 56. Kg5 Rg1+ 57. Bg4 Nxe4+ 58. Kf4 Nc3 59. Kg5 Ra1 60. Ra7+ Kf8 61. Kf6 Nd5+ 62. Kxg6 a3 63. Kg5 a2 64. Ra4 Nc3 65. Ra3 Rc1 66. Ra8+ Ke7 67. Ra7+ Kd6 68. Rd7+ Kc6 69. Ra7 a1Q 70. Rxa1 Rxa1 71. h4 Kd6 72. h5 Ke7 73. Kh6 Kf8 74. Kh7 Ne4 75. Bf5 Nf6+ 76. Kh6 Kg8 77. Be6+ Kh8 78. Bf7 Ng8+ 79. Kg5 Rg1+ 80. Kh4 Kg7 81. Bb3 Nf6 82. Be6 Kh6 83. Bf7 Rg4+ 84. Kh3 Rb4 0-1

[Event "TUR Cup"]
[Site "Adapazari"]
[Date "2022.03.28"]
[Round "6"]
[White "Durucay, Uygar"]
[Black "Gursu, Sungur"]
[Result "1/2-1/2"]
[WhiteElo "1842"]
[BlackElo "1562"]
[PlyCount "116"]
[EventDate "2022.03.25"]
[EventType "swiss"]
[EventRounds "11"]
[EventCountry "TUR"]
[SourceTitle "EXT 2023"]
[Source "ChessBase"]
[SourceDate "2022.10.05"]
[SourceVersion "1"]
[SourceVersionDate "2022.10.05"]
[SourceQuality "1"]

1. d4 Nf6 2. c4 e5 3. dxe5 Ng4 4. Bf4 Nc6 5. Nf3 Bb4+ 6. Nbd2 Qe7 7. e3 Ngxe5 8. Nxe5 Nxe5 9. Be2 d6 10. 0-0 Bxd2 11. Qxd2 0-0 12. Rac1 Rd8 13. Rfd1 Be6 14. Qc3 Ng6 15. Bg3 c6 16. Qd4 d5 17. c5 Qe8 18. Bd3 Ne7 19. Qf4 Qd7 20. Bh4 f6 21. Qd4 Nf5 22. Bxf5 Bxf5 23. Bg3 Re8 24. f3 Qe6 25. Rc3 h5 26. h4 Rad8 27. Rd2 Rd7 28. Ra3 a6 29. Rb3 g5 30. hxg5 fxg5 31. Bd6 Qg6 32. Rf2 Rf7 33. g4 hxg4 34. Rh2 Qg7 35. fxg4 Qxd4 36. exd4 Bh7 37. Rh5 Re1+ 38. Kh2 Re2+ 39. Kg3 Be4 40. Be5 Rg2+ 41. Kh3 Rf3+ 42. Rxf3 Bxf3 43. Rxg5+ Kh7 44. Rg7+ Kh6 45. Rxb7 Rxg4 46. Rb6 Rg6 47. Rxa6 Kg5 48. Ra3 Bg4+ 49. Kg2 Kf5 50. Kf2 Rh6 51. Kg2 Ke4 52. b4 Be2 53. Rg3 Bb5 54. Rc3 Rh5 55. Rg3 Rh7 56. a3 Rf7 57. Rc3 Rf5 58. Rc1 Kd3 1/2-1/2

[Event "TUR-ch U13-U18"]
[Site "Antalya"]
[Date "2020.01.20"]
[Round "2"]
[White "Taspinar, Yanki"]
[Black "Gursu, Sungur"]
[Result "1/2-1/2"]
[WhiteElo "2215"]
[BlackElo "1308"]
[PlyCount "96"]
[EventDate "2020.01.19"]
[EventType "swiss"]
[EventRounds "11"]
[EventCountry "TUR"]
[SourceTitle "CBM 195 Extra"]
[Source "ChessBase"]
[SourceDate "2020.05.31"]
[SourceVersion "1"]
[SourceVersionDate "2020.05.31"]
[SourceQuality "1"]

1. e4 e6 2. d4 d5 3. Nd2 Nf6 4. e5 Nfd7 5. Bd3 c5 6. c3 Nc6 7. Ne2 cxd4 8. cxd4 f6 9. exf6 Nxf6 10. 0-0 Bd6 11. Nf3 0-0 12. Bf4 Bxf4 13. Nxf4 Ne4 14. Qc1 Ng5 15. Nxg5 Qxg5 16. Bxh7+ Kxh7 17. Nxe6 Qf5 18. Nxf8+ Qxf8 19. Qg5 Qf5 20. Qh4+ Kg8 21. Rae1 Be6 22. Re3 Rf8 23. b4 Qg4 24. Qxg4 Bxg4 25. f3 Bf5 26. a3 Nxd4 27. Re5 Nc2 28. Rc1 Nxa3 29. Rxd5 Nc2 30. b5 Nb4 31. Rd4 a5 32. bxa6 Nxa6 33. Rd5 Rf7 34. Rb5 g6 35. Rb6 Kg7 36. Rc3 Re7 37. Kf2 g5 38. Rb5 Kf6 39. Rcb3 Bc8 40. Rb6+ Re6 41. R6b5 Nb8 42. Rc5 Nc6 43. g3 Nd4 44. Rb4 Re2+ 45. Kg1 Re1+ 46. Kg2 Re2+ 47. Kg1 Re1+ 48. Kf2 Re2+ 1/2-1/2